<?xml version="1.0" encoding="UTF-8"?>
<record
    xmlns:xsi="http://www.w3.org/2001/XMLSchema-instance"
    xsi:schemaLocation="http://www.loc.gov/MARC21/slim http://www.loc.gov/standards/marcxml/schema/MARC21slim.xsd"
    xmlns="http://www.loc.gov/MARC21/slim">

  <leader>01521nam a22002537a 4500</leader>
  <controlfield tag="005">20240305165640.0</controlfield>
  <controlfield tag="007">cr||||   |||| </controlfield>
  <controlfield tag="008">220825s2022    pe |||||s|||| 00||0 spa d</controlfield>
  <datafield tag="020" ind1=" " ind2=" ">
    <subfield code="a">9786123252410</subfield>
  </datafield>
  <datafield tag="035" ind1=" " ind2=" ">
    <subfield code="a">36966</subfield>
  </datafield>
  <datafield tag="040" ind1=" " ind2=" ">
    <subfield code="a">vLex</subfield>
  </datafield>
  <datafield tag="090" ind1=" " ind2=" ">
    <subfield code="c">13835</subfield>
    <subfield code="d">13835</subfield>
  </datafield>
  <datafield tag="100" ind1="1" ind2=" ">
    <subfield code="a">Garc&#xED;a Toma, V&#xED;ctor</subfield>
  </datafield>
  <datafield tag="245" ind1="1" ind2="0">
    <subfield code="a">Democracia, organizaciones pol&#xED;ticas y control parlamentario</subfield>
    <subfield code="h">[Recurso electr&#xF3;nico] /</subfield>
    <subfield code="c">V&#xED;ctor Garc&#xED;a Toma</subfield>
  </datafield>
  <datafield tag="256" ind1=" " ind2=" ">
    <subfield code="a">Servicio en l&#xED;nea</subfield>
  </datafield>
  <datafield tag="260" ind1=" " ind2=" ">
    <subfield code="a">Lima:</subfield>
    <subfield code="b">Palestra Editores,</subfield>
    <subfield code="c">2022</subfield>
  </datafield>
  <datafield tag="300" ind1=" " ind2=" ">
    <subfield code="a">1 recurso electr&#xF3;nico</subfield>
  </datafield>
  <datafield tag="500" ind1=" " ind2=" ">
    <subfield code="a">La presente obra busca dar cuenta del rol protag&#xF3;nico que tienen las organizaciones pol&#xED;ticas y el Parlamento para preservar la democracia. Este objetivo se logra a trav&#xE9;s de un an&#xE1;lisis te&#xF3;rico, pero aterrizado en la manera en la que nuestro pa&#xED;s ha moldeado tales instituciones. El resultado es un texto que analiza cuidadosamente, a un nivel te&#xF3;rico, los elementos m&#xE1;s importantes de tales instituciones, para luego aterrizar y mostrar las peculiaridades de nuestro ordenamiento jur&#xED;dico.</subfield>
  </datafield>
  <datafield tag="506" ind1="1" ind2=" ">
    <subfield code="a">Disponible solo en los productos indicados</subfield>
    <subfield code="d">vLex Global</subfield>
    <subfield code="d">vLex Global (Academic Edition, excluding Law Schools)</subfield>
    <subfield code="d">vLex Global (U.S. Academic Edition, Law Schools)</subfield>
    <subfield code="d">vLex Global (U.S. Academic Edition, excluding Law Schools)</subfield>
    <subfield code="d">vLex Global (Academic Edition, Law Schools)</subfield>
  </datafield>
  <datafield tag="650" ind1="0" ind2="4">
    <subfield code="a">Derecho Constitucional</subfield>
    <subfield code="z">Per&#xFA;</subfield>
  </datafield>
  <datafield tag="740" ind1="0" ind2=" ">
    <subfield code="a">vLex Libros (Servicio en l&#xED;nea)</subfield>
  </datafield>
  <datafield tag="856" ind1="4" ind2="0">
    <subfield code="u">https://app.vlex.com/#/sources/36966</subfield>
  </datafield>
  <datafield tag="942" ind1=" " ind2=" ">
    <subfield code="c">RAA</subfield>
  </datafield>
  <datafield tag="952" ind1=" " ind2=" ">
    <subfield code="0">0</subfield>
    <subfield code="1">0</subfield>
    <subfield code="4">0</subfield>
    <subfield code="7">0</subfield>
    <subfield code="8">VLEX</subfield>
    <subfield code="9">329991</subfield>
    <subfield code="a">BD-UIN</subfield>
    <subfield code="b">BD-UIN</subfield>
    <subfield code="d">2024-03-05</subfield>
    <subfield code="l">0</subfield>
    <subfield code="p">36966</subfield>
    <subfield code="r">2024-03-05</subfield>
    <subfield code="w">2024-03-05</subfield>
    <subfield code="y">RAA</subfield>
  </datafield>
  <datafield tag="999" ind1=" " ind2=" ">
    <subfield code="c">172071</subfield>
    <subfield code="d">172071</subfield>
  </datafield>
</record>
